00229nam a2200073Ia 4500008004100000082000800041100001600049245009000065240331s9999 xx 000 0 und d bWIE aWieringa, S 0aSubversive womenn :bwomen's movements in Africa,Asia,Latin America and the Caribbean